Movies Quiz

Random Movies or Actress Quiz

Movie Cast Match (2006) Quiz Stats

 Plays Quiz Updated Apr 5, 2021

Support Sporcle.
Go Orange.
Score 0/40 Timer 08:00
2 Plays Today
% Correct
Pirates of the Caribbean: Dead Man's Chest
93.9%
The Devil Wears Prada
89.6%
Night at the Museum
89.2%
Casino Royale
88.1%
The Pursuit of Happyness
87.8%
Rocky Balboa
87.8%
Mission: Impossible III
87.1%
The Da Vinci Code
87%
X-Men: The Last Stand
86.7%
Nacho Libre
84.9%
Snakes on a Plane
84.1%
Talladega Nights: The Ballad of Ricky Bobby
83.1%
The Departed
82.2%
Blood Diamond
81.2%
You, Me and Dupree
80.1%
Little Miss Sunshine
78.8%
Dreamgirls
77.9%
Click
77.9%
Cars
75.3%
The Last King of Scotland
74.6%
% Correct
Happy Feet
73.6%
Failure to Launch
73.2%
The Queen
72.9%
The Holiday
69.7%
She's the Man
69.1%
Over the Hedge
67.6%
Underworld: Evolution
66.5%
Scary Movie 4
65%
Babel
62.3%
Miami Vice
61.6%
The Prestige
61.1%
Crank
60.2%
Children of Men
60%
Stranger Than Fiction
57.9%
The Illusionist
57.5%
John Tucker Must Die
56.9%
Alpha Dog
54.6%
Accepted
53.6%
The Guardian
51%
Just My Luck
49.1%

You're not logged in!

Compare scores with friends on all Sporcle quizzes.
OR
Log In

From the Vault

Halfsies: Taylor Swift Songs

by giveupyet

Pretty soon, Taylor Swift will have written a song about every person she's ever met.
Remove Ads.
Support Sporcle.
Get the best of Sporcle when you Go Orange. This ad-free experience offers more features, more stats, and more fun while also helping to support Sporcle. Thank you for becoming a member.

Show Comments

Extras

Top Quizzes Today


Score Distribution

Your Account Isn't Verified!

In order to create a playlist on Sporcle, you need to verify the email address you used during registration. Go to your Sporcle Settings to finish the process.

Report this User

Report this user for behavior that violates our Community Guidelines.

Details: